000 00354nam a2200121Ia 4500
008 241014s9999||||xx |||||||||||||| ||und||
020 _a0-781741882
060 _a S 2004
100 _aShah, Samir S.
245 0 _aPediatric Complaints and Diagnostic Dilemmas: a case-based approach.
260 _bLippincott Williams and Wilkins
_c2004
942 _bDIMC
_cBK
999 _c6371
_d6371